[Event "57th ch-RUS"]
[Site "Moscow RUS"]
[Date "2004.11.26"]
[Round "10"]
[White "Korotylev, A."]
[Black "Grischuk, Alexander"]
[Result "1-0"]
[WhiteElo "2596"]
[BlackElo "2704"]
[Annotator "Ubilava, E"]
[PlyCount "73"]
[EventDate "2004.11.15"]
[Source "EDAMI"]
[SourceDate "2006.12.20"]

{Una victoria merecida de Korotylev, independientemente de que el sacrificio
de peón sea discutible y Grischk tuviese otras opciones para defender su
posición. Sin embargo, creo que valía la pena buscar la iniciativa en el medio
juego a cambio de un peón casi insignificante en el flanco de dama, sobre todo
en vista de la presencia de los alfiles de diferente color, pues es bien
sabido que el que toma la iniciativa presiona con más fuerza. También en esta
ocasión, el alfil de casillas negras realiza un daño irreparable en el flanco
del rey, mientras su oponente queda como un espectador del drama en su campo.} 
1. d4 Nf6 2. c4 e6 3. Nc3 Bb4 4. e3 O-O 5. Bd3 c5 6. Nf3 d5 7. O-O Nc6 ({
Por supuesto, las negras pueden entrar en una de las posiciones principales
después de} 7... cxd4 8. exd4 dxc4 9. Bxc4) 8. a3 Bxc3 9. bxc3 Qc7 10. cxd5
exd5 11. a4 Re8 12. Ba3 c4 13. Bc2 Qa5 14. Qc1 {
Las blancas reservan la casilla d2 para el caballo.} Ne4 15. Bxe4 Rxe4 16. Nd2
Re8 17. e4 $1 {Aunque esta idea originalmente pertenece a otro jugador, la
jugada igualmente merece un signo de admiración, porque romper con e4 es vital
para las blancas para no quedarse bloqueadas en el centro.} Be6 ({No vale} 
17... dxe4 18. Nxc4 Qd5 19. Nd6 Re6 20. Qf4 f6 {y} 21. Nb5 {ganando material.})
18. e5 {En la partida original, Niklasch, O-Fillipov,V. 20th ECC 2004 las
blancas siguieron} (18. Re1 dxe4 19. Nxe4 Bd5 20. f3 Bxe4 21. fxe4 Qxa4 22. Bc5
Qb5 23. Rb1 Qa6 24. Ra1 Na5 25. Qa3 {pero después de} Nb3 {
Fillipov pudo igualar el encuentro.}) 18... Qxa4 {
Las negras deben tomar este peón, para justificar la presión que les espera.}
19. f4 ({Creo que es demasiado prematuro} 19. Qb1 Qa5 20. Bb2 Qd8 21. f4 g6 22.
f5 Bxf5 23. Rxf5 gxf5 24. Nf3) 19... Bf5 20. Rf2 f6 $6 {Una jugada muy
atrevida, pero que encaja en el estilo abierto y agresivo de A.Grischuk.} ({
Pierde} 20... Na5 $4 21. Bb4 Nb3 {por la simple} 22. Nxb3 Qxb3 23. Rb2) 21. Qb2
({A las blancas les gustaría jugar directamente} 21. Nf1 {
pero eso no es posible por} Na5 $1 22. Bb4 Nb3 23. Rxa4 Nxc1 24. Ne3 Be4) ({
Korotylev podía intentar} 21. exf6 gxf6 {si directamente} 22. Be7 {entonces} (
22. g4 $1 Bd3 (22... Be4 23. Nxe4 Rxe4 24. Be7 {ventaja blanca}) 23. Be7 Qc2 ({
no hay suficiente compensación con el  sacrificio de dama} 23... Qxa1 24. Qxa1
Rxe7 25. Qa3 Rd8 26. Qc5) 24. Qa3 Be2 $5 {Fritzi} (24... Rxe7 25. Rc1 Qxc1+ 26.
Qxc1 Rae8 27. Nf3 {también favorece a las blancas}) 25. Rxe2 Rxe7 26. Rxe7 Qxd2
(26... Nxe7 27. Qxe7 Qxd2 28. Qe6+ Kg7 29. Qxd5 Qxc3 30. Qxb7+ Kh6 31. g5+ {
pinta mal para las negras}) 27. Ree1 Qxf4 28. Ra2 $1 Kf7 29. Rg2 {
también aquí las blancas están mejor}) 22... Qc2 23. Qxc2 Bxc2 24. Bxf6 Bd3 {
con posibilidades para ambos bandos.}) 21... Nd8 22. Nf1 ({Ahora no funciona} 
22. exf6 gxf6 23. g4 Bd3 24. Be7 {por} Qc6) 22... Qd7 23. Ne3 Bd3 24. h3 b6 ({
En caso de} 24... f5 {Korotylev estaba preparado para romper con g4 después de}
25. Kh2) 25. Qd2 Kh8 $6 {Esta jugada ayuda en el posterior desarrollo de la
iniciativa de las blancas. Me gusta más Diagrama.} (25... Rc8 {
con la posibilidad de sacar la torre por la sexta fila si fuera necesario} 26.
exf6 gxf6 27. Rf3 f5) ({después de} 25... Nf7 26. exf6 gxf6 27. Ng4 Qe6 28. f5
Bxf5 29. Rxf5 $5 ({también parece posible} 29. Raf1 Bxg4 30. Rxf6 Qe3+ 31. Qxe3
Rxe3 32. Rxf7 Rxc3 33. Bd6 {con contrajuego.}) 29... Qxf5 30. Rf1 Qe6 31. Nxf6+
{y las blancas tienen sus posibilidades.}) 26. f5 $1 fxe5 27. dxe5 Rxe5 28. f6
$1 {Korotylev abre totalmente la posición del flanco del rey, solo falta
llevar el alfil negro al lugar adecuado.} Ne6 $6 ({
Grischuk debería impedir el traslado del alfil negro a toda costa} 28... gxf6
$5 29. Ng4 Nf7 {
y las blancas tienen compensación, pero el alfil aún no entra en juego.}) 29.
Be7 $1 h5 $2 {Aterrorizadas con el salto del caballo a g4, las negras
debilitan definitivamente la posición de su monarca. Había que intentar} (29...
d4 30. Ng4 Rf5 31. fxg7+ Nxg7 32. Bf6 Rxf2 33. Qxf2 Rf8) 30. fxg7+ Nxg7 31. Bf6
Re6 {Diagrama.} ({En caso de} 31... Rae8 32. Bxe5 Rxe5 33. Nc2 {
la ventaja es muy considerable.}) 32. Nxd5 $1 {Desgraciadamente para Grischuk,
el caballo encontró otra ruta aún más eficaz para destrozar su posición.} Kg8 (
32... Kh7 33. Qg5 Rf8 34. Bd4 Rxf2 35. Kxf2 {
no hay resistencia ni para un rato.}) 33. Qg5 Rf8 34. Bxg7 Qxg7 35. Rxf8+ Kxf8
36. Qd8+ Re8 37. Qd6+ 1-0

[Event "XLVIII TCh"]
[Site "Sanxenxo ESP"]
[Date "2004.11.23"]
[Round "6"]
[White "Rahal, Michael"]
[Black "Fernandez Garcia, Jose Luis"]
[Result "1-0"]
[WhiteElo "2416"]
[BlackElo "2479"]
[Annotator "Rahal, M"]
[PlyCount "71"]
[EventDate "2004.11.18"]
[EventType "team"]
[EventRounds "9"]
[EventCountry "ESP"]
[Source "EDAMI"]
[SourceDate "2006.12.20"]

{Esta partida fue decisiva en nuestra lucha (UGA) para eludir el descenso ya
que, junto con la victoria de Pelletier frente a San Segundo, nos permitió
vencer a CajaCanarias por 3-1.} 1. e4 Nf6 2. e5 Nd5 3. d4 d6 4. c4 Nb6 5. exd6
exd6 {Fernández tiene un repertorio de aperturas limitado, pero que conoce muy
bien. En mi preparación antes de la partida me concentré en algunas variantes
de la Ruy Lopez, y en la variante 5...cxd6 en esta línea de la Alekhine, ya
que esta es la variante que mi rival suele jugar. Me sorprendió un poco que
eligiera 5...exd6, pero no estaba especialmente preocupado ya que antes del
torneo me había mirado esta línea. En general las negras tienen una posición
sólida, pero las blancas, con un oportuno d4-d5 pueden sacar ventaja,
especialmente si el caballo de b6 se queda sin casillas buenas.} 6. Nc3 Be7 ({
Otra opción interesante, para evitar las lineas con 7.Bd3 y 8.Nge2 es} 6... Nc6
$5 7. h3 Be7 8. Nf3 {con ligera ventaja blanca}) 7. Bd3 c5 $6 {Esta jugada no
es muy buena, ya que ahora las blancas ganan espacio con d4-d5 y el caballo de
b6 queda mal situado. No obstante hay que jugar con precisión para sacar
partido de estos factores.} ({La variante principal, y una de las posiciones
que estuve mirando antes del torneo, es} 7... Nc6 8. Nge2 O-O 9. O-O Bf6 10.
Be3 Nb4 11. b3 Nxd3 12. Qxd3 Bg4 13. f3 Bh5 14. Ng3 Bg6 15. Qd2 Bh4 16. d5 {
y las blancas tienen ligera ventaja en mi opinión.}) 8. d5 O-O 9. Qc2 $1 $146 {
Me parece que esta jugada es bastante precisa, ya que obliga a las negras a
tomar una decisión con respecto a los peones de su flanco de rey. Su juego
primero Nge2 entonces las negras juegan Nbd7 y luego Nf6.} ({
La única partida que he encontrado con esta posición continuó} 9. Nge2 N8d7 10.
f4 Nf6 11. Qc2 Rb8 12. h3 Na8 13. g4 Kh8 14. b3 Nc7 15. g5 Nfe8 16. Bb2 b5 17.
cxb5 a6 18. b6 Rxb6 19. Bxh7 Rb4 20. h4 Bg4 21. h5 Bf3 22. Rh3 Bg4 23. Rh2 f5
24. Bg6 Kg8 25. O-O-O Nb5 26. Nxb5 Bxg5 27. fxg5 Qxg5+ 28. Qd2 Qxd2+ 29. Kxd2
axb5 30. h6 Nf6 31. Rdh1 Ra8 32. Nc1 Re4 33. hxg7 Kxg7 34. Rh6 Rf8 35. Bh7 Re5
36. Bxe5 dxe5 37. Nd3 Rd8 38. Rg6+ {
1-0 Rodriguez,A-Rausis,I/Ubeda 1997/CBM 56 ext}) 9... f5 ({Si} 9... g6 10. Bh6
Re8 11. Nge2 {pero si 9...h6 las negras no podrán hacer la maniobra Bg4-h5-g6.
La jugada del texto debilita seriamente la casilla e6 pero como veremos no
será facil sacarle provecho.}) 10. Nge2 Na6 11. a3 Bf6 12. O-O Be5 13. f4 {
Esta jugada es bastante lógica ya que el alfil en e5 tiene bastante fuerza. No
obstante no era obligatorio hacerlo ahora, por tanto 13.Kh1 o 13.Bd2 eran
alternativas interesantes.} Bf6 14. Bd2 (14. Bxf5 $2 Bxf5 15. Qxf5 Bd4+ 16.
Nxd4 Rxf5 17. Nxf5 Nxc4 $17) 14... Bd7 15. b3 {# Las blancas han salido muy
bien de la apertura, con clara ventaja. El plan de las blancas es doblar
torres en la columna-e, jugar Kh1,Ng1-f3 y eventualmente combinar la entrada
por e6 con el ataque g2-g4. Las negras deben reagrupar sus caballos y preparar
la ruptura b7-b5 para encontrara algo de juego en el flanco de dama.} Nc8 16.
Kh1 Ne7 17. Rae1 Nc7 18. Ng1 $1 Rb8 19. Nf3 Ng6 (19... b5 20. Re2 bxc4 21. bxc4
{La situación de los caballos negros refleja la mala situación de las negras.})
20. Ng5 $1 $16 {#Buena jugada. Ahora las ruptura b5 es más dificil de
organizar por la entrada del caballo en e6. Si las negras juegan h6 el caballo
regresa y el ataque g4 es más fuerte.} Qc8 (20... Bxg5 $2 21. fxg5 Ne5 22. Bf4
Nxd3 23. Qxd3 $16 {
Las blancas tienen una ventaja posicional decisiva en esta posición.}) 21. a4
a6 22. h3 $5 {Típica jugada de profilaxis. Curiosamente antes de la partida
estuve hojeando el magnífico libro de Dvoretsky y Yusupov "Positional Play",
concretamente el capítulo 4 (Prophylactic thinking), y la jugada del texto
encaja en esta filosofía. Las blancas preparan g2-g4, y lo que es más
importante obliga a su rival a desvelar su plan (jugar b5 o no).} Ne7 $6 (22...
b5 $142 23. Re2 $16) 23. Re2 h6 $6 {Como ya he comentado cualquier movimiento
de peones en el flanco de rey juega en favor de las blancas. Ahora el ataque
g4 será más fuerte. Las negras debían intentar b5.} 24. Nf3 ({No} 24. Ne6 $2
Bxe6 25. dxe6 Nxe6 $15 {y el caballo llega a d4.}) 24... Ng6 {Las negras
an frenar g4 poniendo presión sobre el peón de f4 pero este plan no funciona,
por ello b5 de nuevo era necesario.} 25. g4 $5 {# Las blancas no pueden
mejorar más sus piezas y por tanto decidí pasar a la acción. Calculé hasta 28.
Nh4 en la variante principal (junto a algunas otras subvariantes) valorando mi
posición como muy prometedora. La mala situación del caballo en c7 es decisivo
en esta partida. Recordé un comentario de Bologan la noche anterior: en el 90%
de las posiciones, el reagrupamiento de una pieza menor (casi siempre el
caballo) es la solución a una mala posición. Algo tan sencillo muchas veces no
lo tenemos en cuenta.} Bxc3 ({Si} 25... fxg4 26. hxg4 $1 (26. Bxg6 gxf3 27.
Rxf3 Bxh3 28. Rh2 Bg4 29. Rg3 {con idea de f5 también es fuerte}) 26... Nh4 (
26... Bxc3 27. Bxc3 Nxf4 28. Re7 Ne8 29. Bh7+ Kh8 30. Bxg7+ Nxg7 31. Qc3 Rg8
32. Bxg8 Qxg8 33. Rxd7 $18) 27. Nxh4 Bxh4 28. f5 $16 {
seguido de Ne4 con mucha ventaja}) 26. Bxc3 $1 {26.Qxc3 (para no perder el
peón de f4) también es buena, pero mi intuición me decía que el alfil en c3
podía decidir la partida.} Nxf4 27. Re7 Ne8 {#} ({La alternativa era} 27... Rf7
28. Rxf7 Kxf7 {y ahora} 29. Nh4 {es muy fuerte}) {Al jugar 25.g4 había
analizado hasta aquí, y llegué a la conclusión de que las amenazas Rxf4, Rfe1,
y la presión sobre g7, f6 y g6 tenía que ser decisivo.} 28. Nh4 $1 $18 Qd8 (
28... fxg4 $2 29. Rxf4 $1 Rxf4 30. Bh7+ Kh8 31. Bxg7+ Nxg7 32. Ng6+ Kxh7 33.
Nf8+ Kg8 34. Qh7+ Kxf8 35. Qxg7#) (28... Nxd3 29. Qxd3 fxg4 $2 (29... b5 30.
axb5 axb5 31. gxf5 $16) 30. Qg6 $3 Rxf1+ 31. Kg2 $18) 29. Rfe1 $1 $18 Rf7 (
29... g6 30. gxf5 $18) (29... Nxd3 30. Qxd3 b5 31. axb5 axb5 32. Nxf5 Bxf5 33.
gxf5 $18) 30. Nxf5 $1 Bxf5 (30... Nf6 31. Rxf7 Kxf7 32. Re7+ $18) 31. Rxe8+
Qxe8 32. Rxe8+ Rxe8 33. Bxf5 {#La partida está ganada, pero me quedaba poco
tiempo. Por ello mi rival intenta complicar la partida, pero la sombra del
descenso me mantuvo pegado a la silla, con máxima concentración.} Re2 34. Qc1
$1 Nxh3 (34... g5 35. h4 $18) 35. Qf1 $1 Re3 {
El ultimo intento antes de abandonar.} (35... Nf2+ 36. Kg1 $18) 36. Bd2 $1 (36.
Be6 Rxe6 37. Qxh3 $18 Re2 {
también gana pero la textual es definitiva, ya que si 36...Rg3 37.Kg2!}) 1-0

[Event "Promopro Matches"]
[Site "Prague CZE"]
[Date "2004.12.04"]
[Round "2"]
[White "Shirov, Alexei"]
[Black "Navara, David"]
[Result "1-0"]
[WhiteElo "2726"]
[BlackElo "2620"]
[Annotator "Shirov, A"]
[PlyCount "69"]
[EventDate "2004.12.03"]
[EventType "match"]
[EventRounds "2"]
[EventCountry "CZE"]
[Source "EDAMI"]
[SourceDate "2006.12.20"]

{La primera partida de mi "mini-match" frente a David Navara finalizó en
tablas después de que desperdiciara algunas opciones razonables de ganar.
Puesto que no se preveía un desempate en caso de finalizar el match 1-1, quise
apretar al máximo con las piezas blancas.} 1. e4 c5 2. Nf3 e6 3. d4 cxd4 4.
Nxd4 Nc6 5. Nc3 a6 {La primera sorpresa, ya que David normalmente juega} (5...
d6 {tras lo cual tenía la intención de jugar mi alfil a c4 (posteriormente a
b3) tal como le jugó Ivanchuk frente al mismo Navara en Calvia.}) 6. Be2 ({
Hoy en día} 6. Be3 {seguido de Qd2 y 0-0-0 es mucho más popular pero algunas
veces prefiero ser más conservador.}) 6... d6 {!Que mala suerte!... Ahora
parece que estaré obligado a jugar la línea que quería evitar en mi
preparación.} 7. Be3 Nf6 8. f4 Be7 9. g4 $5 {Este avance agresivo 'a la vieja
usanza' me costó más de media hora de mi tiempo de reflexión. Me di cuenta
perfectamente de que era bastante arriesgada (de hecho sólo se había probado
en partidas rápidas con anterioridad) pero, como he dicho, no tenía la
intención de jugar las variantes principales, por ejemplo con} (9. Qd2 {o}) (9.
O-O) 9... Qa5 $5 $146 {Navara encuentra una novedad teórica muy importante,
tras emplear media hora de tiempo} (9... d5 10. e5 Nd7 11. g5 $13 {se jugó en
a partida Ponomariov - Zviagintsev, Moscú (Rusia contra Resto del Mundo), 2001}
) 10. Nb3 {Probablemente la única respuesta razonable} (10. O-O $6 {
se responde fuertemente con} Nxd4 11. Qxd4 e5 $15) 10... Qc7 {(diagrama) La
maniobra Qb6-c7 es muy típica en la Defensa Siciliana. Pero en esta posición
es especialmente efectiva ya que normalmente las blancas intentan oponerse a
esta idea colocando su dama en f3 y el alfil en d3, mientras que ahora el
alfil está en 6.Be2, y por tanto 11.Bd3 perdería un tiempo. Tras adecuada
reflexión, decidí emplear un plan muy arriesgado.} 11. g5 ({Tras} 11. Qd2 b5 {
mi idea no funcionaría debido a} 12. g5 $6 b4 $15) 11... Nd7 12. Qd2 b5 13.
O-O-O $5 {Esta era la idea. Normalmente no es recomendable permitir b4,
especialmente cuando no dispones de la casilla e2, así que debes decidir entre
colocar el caballo en la casilla b1, donde está muy pasivo, o bien en a4,
!donde simplemente puede perderse! Sin embargo, la alternativa} (13. a3 Bb7 14.
O-O-O Nc5 $1 {no me convencía en absoluto, ya que las negras obtendrían un
juego ligeramente superior sin el más mínimo esfuerzo.}) 13... Bb7 ({
Tenía la sensación de que después de} 13... b4 14. Na4 Bb7 15. h4 $13 {
mi caballo estaría 'seguro' en a4 pero podría fácilmente estar equivocado.})
14. f5 $5 {Otra decisión comprometedora ya que la casilla e5 es muy importante
para las negras pero tenía la sensación de que no había vuelta atrás, ya que} (
14. h4 {se encuentra con} Na5 $1) 14... Nde5 {Posiblemente el primer paso en
la dirección equivocada ya que las negras ya no disponen de la idea b4. La
inmediata} (14... b4 $5 {era la jugada que más me preocupaba, ya que tras} 15.
fxe6 $1 (15. Na4 $6 {no parece correcta en vista de} exf5 $1 16. exf5 Nce5 17.
Rhf1 Rc8 18. f6 gxf6 19. Rf4 fxg5 20. Rxb4 Nf3 21. Bxf3 Bxf3 $15) 15... fxe6
16. Na4 {las negras tienen la fuerte jugada 'tranquila'} Rc8 $1 (16... O-O $6
17. Bg4 $1 Nd8 18. Qxb4 {favorece a las blancas}) {y no es fácil encontrar una
respuesta apropiada. Probablemente la mejor jugada es} 17. Rhf1 $1 {y tras}
Nce5 (17... Rf8 $5) 18. Nd4 Qa5 19. Nxe6 {
las negras ya pueden buscar el jaque perpetuo después de} Qxa4 ({a pesar de que
} 19... Rg8 $5 {también es interesante}) 20. Nxg7+ Kd8 21. Ne6+ Ke8 22. Bh5+
Ng6 $11) 15. Rhf1 Na5 $1 ({Correctamente rechazando} 15... O-O-O 16. Nd4 {
y las blancas están mejor}) 16. Nxa5 Qxa5 17. a3 {(diagrama)} O-O-O $2 {
Pero ahora resulta difícil justificar el enroque ya que las blancas estarán
aún más cómodamente que en la variante mencionada anteriormente.} ({Tras} 17...
b4 {las negras aún tendrían un juego razonable, por ejemplo} 18. Na2 $1 (18.
axb4 $6 {no es buena por} Qa1+ 19. Nb1 Bxe4 20. f6 Rc8 $1 21. fxe7 Rxc2+ 22.
Qxc2 Bxc2 23. Kxc2 Qa4+ {y las blancas podrían estar en peligro}) 18... Bxe4 $1
({menos atractiva es} 18... Nc6 19. Nxb4 Nxb4 20. Qxb4 Qxb4 21. axb4 Bxe4 22.
fxe6 fxe6 23. c3 $16 {y la debilidad de a6 es importante}) 19. f6 gxf6 20. gxf6
Bf8 21. Nxb4 (21. Qxb4 Qxb4 22. Nxb4 Bb7 {parece igualado}) 21... d5 22. Qc3
Bxb4 $1 23. axb4 Qa4 {
y el fuerte control sobre el centro compensa la debilitada posición del rey.})
18. Bd4 $16 {De repente las blancas están mucho mejor ya que las negras no
tienen contrajuego. Asimismo las jugadas blancas son bastante fáciles.} Rhg8 (
18... h6 {era la jugada que se tenía que haber hecho ya que al menos fijaría
la estructura de peones en el flanco de rey. A pesar de todo las blancas
tendrían una enorme ventaja tras} 19. f6 gxf6 20. gxf6 Bf8 21. Qe3 h5 22. Kb1
Nd7 23. Qg5 $16) 19. Qe3 Nc4 ({
David admitió tras la partida que vió demasiado tarde que} 19... Nc6 {
se respondería con} 20. f6 $1 Nxd4 21. fxe7 $1 {
y las blancas están ganando tras} Nxe2+ 22. Nxe2 Rde8 23. Rxf7 Qc7 24. Nf4 Rxe7
25. Nxe6 Qd7 26. Qc3+ (26. Nc5 $5 $18) 26... Kb8 27. Rxe7 Qxe7 28. Qg3 $1 $18)
(19... Qc7 {también perdería por} 20. f6 gxf6 21. Bb6 $18) 20. Bxc4 bxc4 21. h4
$1 Rd7 22. Bb6 $138 {Debido a los apuros de tiempo intenté conseguir algunos
segundos adicionales gracias al incremento, lo que constituye un punto de
vista poco estético pero muy efectivo.} Qe5 23. Bd4 Qa5 24. fxe6 fxe6 25. Bb6
Qe5 26. Bd4 Qa5 27. e5 $1 {Ahora las defensas negras colapsan ya que
simplemente tiene demasiados peones débiles.} Re8 (27... Qc7 28. Na4 $1 $18)
28. exd6 Bxd6 29. Bxg7 $1 $18 {
Así cae uno de los peones. La partida ha terminado.} Bc5 30. Bd4 Bxd4 31. Rxd4
Qc5 32. Rff4 $1 (32. Rd3 Qxe3+ 33. Rxe3 Rd4 $1 $16 {
aún le daría a las negras algunas pequeñas opciones en el final.}) 32... Bc6
33. Rde4 Qd6 34. Rxc4 Red8 35. Kb1 {Las negras perderán más peones con certeza.
Por ello mi rival abandonó.    Quisiera hacer mención especial al
comportamiento excepcionalmente amistoso de David en el análisis posterior a
la partida, a pesar del resultado desafortunado. Su amor al ajedrez es
evidente, por lo que sólo puedo desearle que su talento se desarrolle aún más.
(Traducción del inglés: Michael Rahal)} 1-0